LIBRARY & INFORMATION CENTRE, KCAET, TAVANUR

ONLINE PUBLIC ACCESS CATALOGUE (OPAC)

Modern furnace technology / (Record no. 2276)

MARC details
000 -LEADER
fixed length control field 00437cam a2200169ua 4500
041 ## - LANGUAGE CODE
Language code of text/sound track or separate title eng
082 ## - DEWEY DECIMAL CLASSIFICATION NUMBER
Classification number 671.24
Item number ETH/MO
100 ## - MAIN ENTRY--AUTHOR NAME
Personal name Etherington, H .
245 ## - TITLE STATEMENT
Title Modern furnace technology /
250 ## - EDITION STATEMENT
Edition statement 3 /
260 ## - PUBLICATION, DISTRIBUTION, ETC. (IMPRINT)
Place of publication London :
Name of publisher Charles griffith & company limited ,
Year of publication 1961.
300 ## - PHYSICAL DESCRIPTION
Number of Pages 569 ; .
700 1# - ADDED ENTRY--PERSONAL NAME
Personal name Etherington, G .
942 ## - ADDED ENTRY ELEMENTS (KOHA)
Koha item type Books
Holdings
Withdrawn status Lost status Damaged status Home library Current library Date acquired Full call number Accession Number Koha item type
      KAUAET KAUAET 07/04/2012 671.24 11527 Books
free website counter